Catàleg d'activitats de convivència i ciutadania / Servei de Polítiques de Diversitat i Ciutadania
Descripción Física:
115 p. ; 30 cm
MARC
| LEADER | 00000nam a2200000Ia 4500 | ||
|---|---|---|---|
| 001 | 21118 | ||
| 008 | 160829s2006 xx 000 0 cat d | ||
| 080 | |a S-1-271 | ||
| 110 | 1 | |a Barcelona (Catalunya : Província). |b Servei de Polítiques de Diversitat i Ciutadania |9 52870 | |
| 245 | |a Catàleg d'activitats de convivència i ciutadania / Servei de Polítiques de Diversitat i Ciutadania | ||
| 260 | |a Barcelona : |b Diputació de Barcelona. Àrea d'Igualtat i Ciutadania, |c 2006 | ||
| 300 | |a 115 p. ; |c 30 cm | ||
| 650 | |a Barcelona. Diputació. Servei de Polítiques de Diversitat i Ciutadania |x Activitats culturals |9 43106 | ||
| 650 | |a Convivència |x Activitats culturals |9 43107 | ||
| 710 | |a Barcelona (Catalunya : Província). |b Àrea d'Igualtat i Ciutadania |9 7840 | ||
| 901 | |a Arxiu | ||
| 942 | |n 1 | ||
| 952 | |0 0 |1 0 |4 0 |6 S1271 |7 1 |9 51203 |a Arxiu |b Arxiu |d 2016-12-01 |l 0 |o S-1-271 |p 21118 |r 2016-12-01 00:00:00 |w 2016-12-01 |y ARXIU | ||
| 999 | |c 55046 |d 55046 | ||